It Security Interviews Expased (Record no. 317826)

MARC details
000 -LEADER
fixed length control field 00375nam a2200145Ia 4500
008 - FIXED-LENGTH DATA ELEMENTS--GENERAL INFORMATION
fixed length control field 230718s9999 xx 000 0 und d
041 ## - LANGUAGE CODE
Language code of text/sound track or separate title eng
082 ## - DEWEY DECIMAL CLASSIFICATION NUMBER
Classification number 658.472
Item number BUT
100 ## - MAIN ENTRY--PERSONAL NAME
Personal name Butler C.
9 (RLIN) 149736
245 ## - TITLE STATEMENT
Title It Security Interviews Expased
260 ## - PUBLICATION, DISTRIBUTION, ETC. (IMPRINT)
Name of publisher, distributor, etc. John Wiley
365 ## - TRADE PRICE
Currency code Rs.
Price amount 179.00
700 ## - ADDED ENTRY--PERSONAL NAME
Personal name Butler C.
9 (RLIN) 149736
906 ## - LOCAL DATA ELEMENT F, LDF (RLIN)
d B:224518-Oct-2007
c COMP
b 35.8
Holdings
Withdrawn status Lost status Damaged status Not for loan Home library Current library Date acquired Vendor Budget Code Cost, normal purchase price Bill number Total Checkouts Full call number Barcode Date last seen Discount Cost, replacement price Bill Date Koha item type Original Barcode
        Cummins College of Engineering for Women Pune Cummins College of Engineering for Women Pune 28/11/2007 Tbs COMP 143.20 2245   658.472 CCEP-BK-29033 18/07/2023 35.8 179.00 18/10/2007 Books 029033